000 00782nam a2200217 a 4500
001 49823
003 BD-RjUL
005 20211209054732.0
008 160822s bg ||||| |||| 00| 0 ben d
035 _a(BD-RjUL)49943
040 _aBD-RjUL
_bben
_cBD-RjUL
041 _aben
082 _223
_a891.73
_bGOA
100 _aগোর্কি, ম.
_9122871
245 1 0 _aআমার ছেলেবেলা /
_cম. গোর্কি
260 _aমস্কো :
_bবিদেশী সাহিত্য প্রকাশ,
_c?
300 _a৪৪২ পৃ. :
_bচিত্র ;
_c২১ সেমি
650 _aরাশিয়া সাহিত্য
_xউপন্যাস
_9122872
650 _aRussian Literature
_xFiction
_9122873
942 _2ddc
_cBK
999 _c49823
_d49823